Принципы лазеров: пер. с англ.

Podrobná bibliografie
Hlavní autor: Звелто О. Орацио
Jazyk:ruština
Vydáno: Москва, Мир, 1984
Vydání:2-е изд., перераб. и доп.
Témata:
Médium: MixedMaterials Kniha
KOHA link:https://koha.lib.tpu.ru/cgi-bin/koha/opac-detail.pl?biblionumber=53792

MARC

LEADER 00000nam0a2200000 4500
001 53792
005 20231101211439.0
035 |a (RuTPU)RU\TPU\book\56389 
090 |a 53792 
100 |a 20030624d1984 km y0rusy50 ca 
101 1 |a rus  |c eng 
102 |a RU 
105 |a a z 001zy 
200 1 |a Принципы лазеров  |e пер. с англ.  |f О. Звелто 
205 |a 2-е изд., перераб. и доп. 
210 |a Москва  |c Мир  |d 1984 
215 |a 395 с.  |c ил. 
320 |a Библиогр.: с. 388-391. 
451 1 |0 (RuTPU)RU\TPU\book\38687  |y 5-03-001053-X  |t Принципы лазеров  |o пер. с англ.  |f О. Звелто  |e 3-е изд., перераб. и доп.  |c Москва  |n Мир  |d 1990  |p 560 с.  |a Звелто, Орацио 
606 1 |a Генераторы квантовые  |x Физика  |2 stltpush  |3 (RuTPU)RU\TPU\subj\5740  |9 33746 
610 1 |a лазеры 
610 1 |a лазерные пучки 
610 1 |a излучение 
610 1 |a поглощение 
610 1 |a волны 
610 1 |a лучи 
610 1 |a распространение 
675 |a 621.373.826:53  |v 3 
700 1 |a Звелто  |b О.  |g Орацио 
801 1 |a RU  |b 63413507  |c 20030624  |g PSBO 
801 2 |a RU  |b 63413507  |c 20201009  |g PSBO 
942 |c BK